Welcome to the Holygrace Academy Library

Please use search bar below to get started

ALICE IN WODERLAND (Record no. 2080)

MARC details
000 -LEADER
fixed length control field 00290nam a22001337a 4500
020 ## - INTERNATIONAL STANDARD BOOK NUMBER
ISBN 0-7214-1654-3
082 ## - DEWEY DECIMAL CLASSIFICATION NUMBER
Classification number 823
Item number CAR/A
100 ## - MAIN ENTRY--AUTHOR NAME
Personal name CARROLL, LEWIS
245 ## - TITLE STATEMENT
Title ALICE IN WODERLAND
260 ## - PUBLICATION, DISTRIBUTION, ETC. (IMPRINT)
Place of publication ITALY
Name of publisher LADY BIRD
300 ## - PHYSICAL DESCRIPTION
Number of Pages 51
650 ## - SUBJECT ADDED ENTRY--TOPICAL TERM
Topical Term ENGLISH SHORT STORY
Geographic subdivision ITALY
942 ## - ADDED ENTRY ELEMENTS (KOHA)
Koha item type Books
Holdings
Withdrawn status Lost status Collection code Home library Current library Shelving location Date acquired Source of acquisition Full call number Accession Number Koha item type
    Fiction Main Library Main Library SHELF 3- A- LADY BIRD STORY BOOKS 30/05/2014 PURCHASE 823 CAR/A 06934 Books
    Fiction Main Library Main Library SHELF 3- A- LADY BIRD STORY BOOKS 17/03/2014 PURCHASE 823 CAR/A 06687 Books
    Fiction Main Library Main Library SHELF 3- A- LADY BIRD STORY BOOKS 29/05/2014 PURCHASE 823 CAR/A 06925 Books
    Fiction Main Library Main Library SHELF 3- A- LADY BIRD STORY BOOKS 18/03/2014 PURCHASE 823 CAR/A 06754 Books
    Fiction Main Library Main Library   16/09/2023   823 CAR/A 06773 Books